000 00537nam a22001817a 4500
005 20171220153217.0
010 _aENG-121930
020 _c420.00
_a9788190775724
035 _aEN-105462
037 _bDBAD/PUB
082 _a510.2462
100 _aBeulah, V.
245 _aEngineering mathematics II:
_cby V. Beulah
260 _aTiruchengode
_bPranav Publication
_c2011
270 _aNO. 5,5th Street,Thailambigai Nagar,Tiruchengode
_e637211
300 _avari.page
_c24cm(pbk)
942 _2ddc
_cEN
_h510.2462
_mBEU
999 _c148109
_d148109